Situa : (Record no. 22072)

000 -CABECERA
fixed length control field 01253nam a22002537a 4500
003 - IDENTIFICADOR DEL NÚMERO DE CONTROL
control field AR-CdUCM
008 - DATOS DE LONGITUD FIJA--INFORMACIÓN GENERAL
fixed length control field 190425b ||||| |||| 00| 0 spa d
040 ## - FUENTE DE LA CATALOGACIÓN
Agencia/entidad que catalogó originalmente la obra MUNICIPALIDAD PROVINCIAL DEL CUSCO
Entidad que transcribió la catalogación BIBLIOTECA MUNICIPAL DEL CUSCO
082 ## - NÚMERO DE LA CLASIFICACIÓN DECIMAL DEWEY
No. de Clasificación Situa/N°11/1998
245 ## - MENCIÓN DE TÍTULO
Título Situa :
Resto del título Revista semestral de la Facultad de Medicina Humana /
Mención de responsabilidad Facultad de Medicina Humana, Universidad Nacional de San Antonio Abad del Cusco
260 ## - PUBLICACIÓN, DISTRIBUCIÓN, ETC.
Lugar de publicación, distribución, etc. Cusco :
Nombre de la editorial, distribuidor, etc. [UNSAAC],
Fecha de publicación, distribución, etc. 1998.
300 ## - DESCRIPCIÓN FÍSICA
Nº de Páginas Extensión 62 páginas. :
Dimensiones 31 cm.
440 ## - MENCIÓN DE SERIE/PUNTO DE ACCESO ADICIONAL--TÍTULO
Título Situa revista semestral de la Facultad de Medicina Humana.
Número de la parte/sección de una obra Año,6, N° 11, setiembre-marzo 1998.
9 (RLIN) 47354
505 ## - NOTA DE CONTENIDO CON FORMATO
Nota de contenido formateada Contenido: El síndrome de Turner en Cusco presentación en un caso. José Franco Navia. -- Traumatismo cerrado en abdomen en el Hospital Regional del Cusco. Víctor Lizarbe Castro. -- Apuntes para la historia de la medicina cusqueña. José Cáceres Pilares....
650 ## - PUNTO DE ACCESO ADICIONAL DE MATERIA--TÉRMINO DE MATERIA
Descriptor Medicina humana
9 (RLIN) 47329
650 ## - PUNTO DE ACCESO ADICIONAL DE MATERIA--TÉRMINO DE MATERIA
Descriptor Salud pública
9 (RLIN) 6404
650 ## - PUNTO DE ACCESO ADICIONAL DE MATERIA--TÉRMINO DE MATERIA
Descriptor Hospitales
9 (RLIN) 47330
650 ## - PUNTO DE ACCESO ADICIONAL DE MATERIA--TÉRMINO DE MATERIA
Descriptor Centros de Salud
9 (RLIN) 32510
700 ## - PUNTO DE ACCESO ADICIONAL--NOMBRE DE PERSONA
Nombre Personal Quiroz Valdivia, Rodolfo
9 (RLIN) 47353
710 ## - PUNTO DE ACCESO ADICIONAL--NOMBRE DE ENTIDAD CORPORATIVA
Nombre corporativo (En letras Mayúsculas) Facultad de Medicina Humana
9 (RLIN) 47335
710 ## - PUNTO DE ACCESO ADICIONAL--NOMBRE DE ENTIDAD CORPORATIVA
Nombre corporativo (En letras Mayúsculas) Universidad Nacional de San Antonio Abad del Cusco
9 (RLIN) 15942
942 ## - ELEMENTOS DE PUNTO DE ACCESO ADICIONAL (KOHA)
Fuente de clasificación
Tipo de item Revistas cusqueñas
945 ## - PROCESAMIENTO DE INFORMACIÓN LOCAL (OCLC)
Catalogador vhl
Holdings
Estado de retiro (separado) Fuente de clasificación o esquema de estanterías Estado dañado Ubicación Sala donde se ubica Nombre de la colección Fecha de adquisición o compra Costo, precio normal en soles Signatura topográfica Código de Barras Última vez visto (Koha) Tipo de ítem (Koha)
No     Sala Hemeroteca Sala Hemeroteca Book Cart 2022-03-01 5.00 Situa/N°11/1998 REVC000734 2022-03-01 Revistas cusqueñas

Powered by Koha